| 000 | 01308cam a2200397 a 4500 | ||
|---|---|---|---|
| 001 | ocm41998704 | ||
| 003 | TZ-ArACH | ||
| 005 | 20130123135033.0 | ||
| 008 | 990709s1999 fr b 000 0 fre | ||
| 010 | _a 00278902 | ||
| 020 | _a2130501435 | ||
| 020 | _a9782130501435 | ||
| 035 | _a(OCoLC)41998704 | ||
| 040 |
_aDLC _beng _cTZ-ArACH _dTZT _dFCI _dMUQ _dOCLCQ _dNLGGC _dOCLCG _dOCLCQ |
||
| 041 | _aFre | ||
| 043 | _ae-fr--- | ||
| 049 | _aTZAA | ||
| 050 | 0 | 0 |
_aKJV4248 _b.S43 |
| 082 | 1 | 4 |
_a340 _21 |
| 245 | 0 | 5 |
_a "Sectes" et le droit en France / _csous la direction de Francis Messner. |
| 250 | _a1. éd. | ||
| 260 |
_aParis : _bPresses universitaires de France, _c1999. |
||
| 300 |
_aviii, 341 p. ; _c22 cm. |
||
| 490 | 1 | _aPolitique d'aujourd'hui | |
| 504 | _aIncludes bibliographical references. | ||
| 650 | 0 |
_aCults _xLaw and legislation _zFrance. _97947 |
|
| 650 | 6 |
_aSectes _xDroit _zFrance _vCongrès. _97948 |
|
| 650 | 1 | 7 |
_aKerk en staat. _2gtt _97949 |
| 650 | 1 | 7 |
_aSekten. _2gtt _97950 |
| 650 | 7 |
_aSectes _xDroit _zFrance. _2ram _97951 |
|
| 653 | _aLaw | ||
| 700 | 1 |
_aMessner, Francis, _d1947- _97952 |
|
| 830 | 0 |
_aPolitique d'aujourd'hui. _97953 |
|
| 942 |
_2lcc _cBOOK |
||
| 999 |
_c2026 _d2026 |
||